000 00321nam a2200121Ia 4500
008 220214s9999 xx 000 0 und d
245 0 _aKerala Gazette
260 _aTrivandrum
500 _aEnding Volume & Year: 1982,
500 _aMissing Volume: 1980-1981(..)
500 _aStarting Volume & Year: 1980,
942 _cBJ
999 _c9768
_d9768